Srī ane saurabha. (Record no. 62984)

MARC details
000 -LEADER
fixed length control field 00583cam a22002291 4500
001 - CONTROL NUMBER
control field sa 65003095
003 - CONTROL NUMBER IDENTIFIER
control field DLC
005 - DATE AND TIME OF LATEST TRANSACTION
control field 20260227112121.0
008 - FIXED-LENGTH DATA ELEMENTS--GENERAL INFORMATION
fixed length control field 890419s1963 ii 000 0 gujo
010 ## - LIBRARY OF CONGRESS CONTROL NUMBER
LC control number sa 65003095
035 ## - SYSTEM CONTROL NUMBER
System control number (OCoLC)19570877
040 ## - CATALOGING SOURCE
Original cataloging agency DLC
Transcribing agency WaU
Modifying agency DLC
042 ## - AUTHENTICATION CODE
Authentication code premarc
050 00 - LIBRARY OF CONGRESS CALL NUMBER
Classification number PK3797
Item number .J6
100 1# - MAIN ENTRY--PERSONAL NAME
Personal name Jośī, Umāśaṅkara,
Dates associated with a name 1911-1988.
245 10 - TITLE STATEMENT
Title Srī ane saurabha.
260 ## - PUBLICATION, DISTRIBUTION, ETC.
Date of publication, distribution, etc. [1963]
300 ## - PHYSICAL DESCRIPTION
Extent 260 p. (p.259-260 advertisements)
Dimensions 19 cm.
500 ## - GENERAL NOTE
General note In Gujarati.
600 00 - SUBJECT ADDED ENTRY--PERSONAL NAME
Personal name Kālidāsa.
650 #0 - SUBJECT ADDED ENTRY--TOPICAL TERM
Topical term or geographic name entry element Sanskrit literature.

No items available.

Powered by Koha